|
|
|
|
| LEADER |
01072nam a2200265 4500 |
| 001 |
4115234 |
| 003 |
GR-PaULI |
| 005 |
20210117211203.0 |
| 008 |
700601s1969 enkabeh b 001 0 eng |
| 952 |
|
|
|0 0
|1 0
|2 ddc
|4 0
|6 913_395000000000000_503_DER
|7 0
|9 244368
|a LISP
|b LISP
|c DON
|d 2020-10-09
|e ΓΑΛ
|i 144872
|l 0
|o 913.395 503 DER
|p 025000271004
|r 2020-10-09 00:00:00
|t 1
|v 2020.00
|w 2020-10-09
|y BKN
|
| 999 |
|
|
|c 147466
|d 147466
|
| 010 |
|
|
|a 75467823
|
| 020 |
|
|
|a 0500020663
|
| 040 |
|
|
|a DLC
|c GR-PaULI
|d
|b gre
|e AACR2
|
| 082 |
0 |
4 |
|a 913.395 503
|2 23
|
| 100 |
1 |
|
|a Der Nersessian, Sirarpie,
|d 1896-
|9 183636
|e συγγραφέας.
|
| 245 |
1 |
4 |
|a The Armenians /
|c Nersessian Der Sirarpie.
|
| 260 |
|
|
|a London :
|b Thames & Hudson,
|c 1969.
|
| 300 |
|
|
|a 216 σ. :
|b εικ., χάρτες ;
|c 21 εκ.
|
| 490 |
1 |
|
|a Ancient peoples and places
|v 68.
|
| 504 |
|
|
|a Περιλαμβάνει βιβλιογραφία.
|
| 651 |
|
4 |
|a Αρμενία
|x Ιστορία
|9 183638
|
| 830 |
|
|
|9 183637
|a Ancient peoples and places (Thames and Hunson)
|v 68.
|
| 942 |
|
|
|2 ddc
|c BKN
|
| 998 |
|
|
|c ΜΠΟΥΡΑΣ
|d 2020-10
|